Catalog

Record Details

Catalog Search



Das Dilemma der Volkskirche : Gedanken und Erwägungen Cover Image Book Book

Das Dilemma der Volkskirche : Gedanken und Erwägungen Georg F. Vicedom

Vicedom, Georg F. (Author).

Record details

  • Physical Description: 107 S.
  • Edition: 1. Aufl.
  • Publisher: München Claudius Verlag 1961

Available copies

  • 1 of 1 copy available at Common Catalog SPOK.

Holds

  • 0 current holds with 1 total copy.
Show Only Available Copies
Location Call Number / Copy Notes Barcode Shelving Location Status Due Date
ETS Library 260 424470002184 Volný výběr Available -

LDR 00715nam a2 00253
00144485
003CZ-PrJAB
00520030401000000.0
008010806s1961 xr e |||| |ger
009ge
035 . ‡a(CONS)2052
035 . ‡aKPS9152
040 . ‡aABG450
041 . ‡ager
08214. ‡a260
100 . ‡74075 ‡aVicedom, Georg F.
245 . ‡aDas Dilemma der Volkskirche : ‡bGedanken und Erwägungen ‡cGeorg F. Vicedom
250 . ‡a1. Aufl.
260 . ‡aMünchen ‡bClaudius Verlag ‡c1961
300 . ‡a107 S.
490 . ‡aTheologie und Gemeinde ‡vB. 4
653 . ‡aDas Dilemma der Volkskirche ‡aGedanken und Erwägungen
8524 . ‡bETS ‡bETS ‡cVolný výběr ‡j260 ‡gA ‡p424470002184
910 . ‡aABG450
999 . ‡a2052 ‡bAUTOGEN ‡c2052 ‡tbiblio
905 . ‡uadmin
901 . ‡a44485 ‡b ‡c44485 ‡tbiblio ‡sets

Additional Resources